MDQL
is popping MORE tags! Check the
thread
!
Quizzes
Events
Quiz Creation
Community
Videos
Private Events
Remove Ads
Sign In
Join for FREE
Feedback
Dark Mode
Quiz Categories
Sports
Geography
Music
Movies
Television
Just For Fun
Miscellaneous
History
Literature
Language
Science
Gaming
Entertainment
Religion
Holiday
For Kids
Quiz Lab
Recent
Popular Today
Quiz Kudos Today
Editor Picks
Curator Picks
Quizzes by...
Day
Popularity
Type
Ratings
Length
Year
Community
Subscriptions
Recent Discussions
Orange Saloon
Badges
Playlists
Quests
Create
Leaderboards
Showdown
Live 5
Trivia Bingo
Activity
Puzzle Library
Sporcle Events
Private Events
Virtual Trivia
Globe League
Become a Host
Pub Owners
SporcleCon
Opinionation
Our Games
Videos
Blog
Mobile Apps
Partnerships
Remove Ads and Go Orange
Feedback
Entertainment
Celebrity
Famous
Musical
Broadway
Show
Quote
Comic Books
Anime
Superhero
DC Comics
Marvel
Cartoons
Animation
Entertainment
Celebrity
Famous
Musical
Broadway
Show
Quote
Comic Books
Anime
Superhero
DC Comics
Marvel
Cartoons
Animation
Random Quiz
Search Sporcle
×
Quiz Lab
Quiz Lab
Entertainment
Broadway
Select answers by clicking on text or image buttons
Select answers by clicking on text or image buttons
Clickable
Best Score? Go Orange.
Broadway Casts of Characters 21 Stats
Can you place the character in the correct musical or play?
By
Puzzgal
8m
40 Questions
321 Plays
321 Plays
321 Plays
Comments
Comments
Give Quiz Kudos
Give Quiz Kudos
-
- Ratings
hide this ad
Forced Order
Answers have to be entered in order
Answers have to be entered in order
Replay
Link that replays current quiz
Next Quiz
Link to next quiz in quiz playlist
You Got
0%
They Got
Avg Score
47%
Avg Friend Score
Upgrade to see
Score Distribution
Jump to the score distribution portion of the page
Score
0/40
Timer
08:00
0
Plays Today
% Correct
Elle Woods
97.8%
Frog
87.9%
Toad
87.2%
Warner Huntington III
84.7%
Emmett Forrest
78.8%
Vivienne Kensington
78.2%
Paulette Bonafonte
75.1%
Squirrel
74.5%
Bird
73.8%
Mouse
72.6%
Don Quixote
67.3%
Sancho Panza
59.5%
Aldonza
57%
Henry VIII
49.2%
Duke of Norfolk
48.3%
Lucille Frank
48.3%
Cardinal Wolsey
46.7%
Leo Frank
46.7%
Sir Thomas More
46.4%
Thomas Cromwell
45.5%
% Correct
Carasco
39.3%
Marguerite St. Just
37.7%
Chauvelin
36.1%
Huey Calhoun
34.9%
Antonia
34.6%
Percy Blakeney
31.5%
Gator
30.2%
Governor John Slaton
30.2%
Frankie Epps
29.9%
St. Cyr
27.7%
Jake Whippany
27.1%
Felicia Farrell
26.5%
Edgar Crocker
25.2%
Sandy Twist
24%
Delray
23.7%
Britt Craig
23.1%
Steve Bullnack
19.3%
Reuben Sloane
19.3%
Marie Grosholtz
18.1%
Mr. Simmons
16.5%
Quiz Playlist
Details
Report
Send in Message
Add To Playlist
Clickable:
Select answers by clicking on text or image buttons
Forced Order:
Answers have to be entered in order
Last Updated: Feb 16, 2017
Quiz Scoreboard
CHALLENGE
Sign Up to Join the Scoreboard
Show All
Scores
Hide
Comments
May contain spoilers
Recently Published
Image Sorting: Flags VI
by Barbecue
Geography
2m
Find the 'City' Movie
by crazypaving
Movies
60s
Colored Red Africa Blitz
by spor1
Geography
45s
More to Explore
Quiz From the Vault
Featured Blog Post
14 Easter Pick-up Lines to Find Eggs With
hide this ad
You Might Also Like...
Tags
Broadway Quiz
Musical Quiz
Show Quiz
Broadway Musicals
Broadway Shows
Character
Matching
Musical Theater
sort
Theater
Theater Characters
theatre
Today's Top Quizzes in Entertainment
Browse Entertainment
hide this ad
Today's Top Quizzes in Broadway
Browse Broadway
Top Contributed Quizzes in Entertainment
1
Marvel Classic Character Map
2
Dragon Ball Z: Goku's Fights in Order
3
Marvel Characters Bunker
4
JoJo's Bizarre Logic Quiz
5
This is Your Life: Edward Elric
6
Celebrity Spelling Bee
7
This is Your Life: Itachi Uchiha
8
BOYS PLANET Quiz
9
Sorting Pictures: Villains
10
One Piece Heroines Chapter Cover
Explore More
Trending Topics
Kpop
Marvel
NBA
Anime
Disney
Harry Potter
Crossword
Pokémon
Puzzle
Soccer
NFL
Country
WWE
Song
The Office
hide this ad
More By:
Puzzgal
Quiz
Plays
Rating
Category
Featured
Created
Categorize the Countries
172,634
4.55
Geography
Mar 23, 2014
Categorize the Colors
163,376
4.51
Language
Jun 6, 2013
English Puns
132,604
4.26
Language
Dec 14, 2013
Follow That Lyric: The Sound of Music
120,145
4.42
Entertainment
Oct 25, 2012
Movie Title Missing Person
117,620
4.55
Movies
May 14, 2012
Go to Creator's Profile
Score Distribution
Quiz Creator Spotlight
Puzzgal
Follow
Send a Message
Quizzes Created
-
Created Quiz Play Count
-
More By This Creator
Popular Quizzes Today
1
Colored Red Africa Blitz
2
Find the US States - No Outlines Minefield
3
Find the 'City' Movie
4
5x2 Blitz: Bands
5
The Countries of the World
6
Find the US States
7
Find the Countries of Europe - No Outlines Minefield
8
US States
More Entertainment Quizzes
Monty Python's Missing Fauna Picture Click, Part 2
Curator's Pick
Trending Quizzes
Colored Red Europe Blitz I
Colored Red Europe Blitz II
Colored Red Africa Blitz II
Colored Red Europe Blitz III
Colored Red Africa Blitz III
Recently Updated
How Do You Spell That?
pecheneg
Godzilla Movies
pecheneg
Grab Bag: 4-10 Letters
pecheneg
2024 March Madness Bracket
pecheneg
Famous TV Couples
Peacemaker
Champions League XIs: Real Madrid
pecheneg
Largest US Cities 1790-2010
pecheneg
Rides in Walt Disney World
pecheneg
Most Oscar Losses (Acting)
pecheneg
Beyoncé Albums
pecheneg
Trending Topics
Disney
Harry Potter
Kpop
NBA
Anime
Crossword
Marvel
WWE
Soccer
Country
Puzzle
NFL
Pokémon
Song
The Office
Your Account Isn't Verified!
In order to create a playlist on Sporcle, you need to verify the email address you used during registration. Go to your
Sporcle Settings
to finish the process.
Report this User
Report this user for behavior that violates our
Community Guidelines
.
Details:
Send Report
Go to the Sporcle.com Mobile Site →
Comments